Caracas en el epistolario de Bello.
-д хадгалсан:
| Үндсэн зохиолч: | |
|---|---|
| Формат: | Ном |
| Хэвлэсэн: |
Caracas, Venezuela:
La Casa de Bello,
1979.
|
| Нөхцлүүд: | |
| Шошгууд: |
Шошго нэмэх
Шошго байхгүй, Энэхүү баримтыг шошголох эхний хүн болох!
|
MARC
| LEADER | 00000nam a22000007a 4500 | ||
|---|---|---|---|
| 003 | CL-VaPUC | ||
| 005 | 20220822114816.0 | ||
| 008 | 220804t1979 ||||| |||| 00| 0 eng d | ||
| 999 | |c 437983 |d 437981 | ||
| 040 | |c Pontificia Universidad Católica de Valparaíso | ||
| 082 | 7 | |a 923.2 BEL 1979 |2 22 | |
| 100 | |a Bello, Andrés, |9 545824 |d 1781-1865 |e autor | ||
| 245 | |a Caracas en el epistolario de Bello. | ||
| 260 | |a Caracas, Venezuela: |b La Casa de Bello, |c 1979. | ||
| 300 | |a 69 páginas. | ||
| 500 | |a c.1 Donación Familia Prof. Alejandro Guzmán Brito. | ||
| 583 | |c 20220804 |k Catalogador Asistente | ||
| 600 | 0 | |a Bello, Andrés, |9 545824 |d 1781-1865 |x Correspondencia |z Caracas | |
| 942 | |2 ddc |c BK |n 0 | ||
| 952 | |0 0 |1 0 |2 ddc |4 0 |6 923_200000000000000_BEL_1979 |7 0 |8 C_AGB |9 585847 |a BIBDER |b BIBDER |d 2022-08-04 |e Donación |i 5653834 |o 923.2 BEL 1979 |p 5653834 |r 2023-01-25 |t 1 |w 2022-08-04 |y BK_US |k AGB | ||